| 000 | 00579nam a22002177a 4500 | ||
|---|---|---|---|
| 003 | BUBTL | ||
| 008 | 240818b ||||| |||| 00| 0 eng d | ||
| 020 | _a9844066085 | ||
| 041 |
_aeng _aben |
||
| 082 | _a891.443/ So231o/ 2014 | ||
| 100 |
_95905 _aSofa, Ahmed |
||
| 245 |
_aThe Om/ _c Ahmed Sofa |
||
| 250 | _a2nd ed | ||
| 260 |
_aDhaka: _bStudent ways, _cc2014 |
||
| 300 |
_a107 p.: _c22 cm. |
||
| 650 | 0 |
_92152 _aBengali Literature |
|
| 650 | 0 |
_91687 _aবাংলা সাহিত্য |
|
| 856 |
_k0 _l0 _yDownload |
||
| 942 |
_2ddc _cBK |
||
| 999 |
_c7351 _d7351 |
||